| 000 | 00478nam a2200133Ia 4500 | ||
|---|---|---|---|
| 008 | 200915s9999 xx 000 0 und d | ||
| 020 | _a978-971-014-591-1 | ||
| 100 | _aSantos, Nestor B. | ||
| 245 |
_cNestor B. Santos Jr., Maricel E. Sierto.-- _aScience, technology and society / |
||
| 260 |
_aBulacan : _bSt. Andew Publishing House _c2019 |
||
| 300 |
_av , 113 pages : _billustrations ; _c25 cm. |
||
| 650 | _aScience -- Social aspects. | ||
| 650 | _aTechnology -- Social aspects. | ||
| 999 |
_c364246 _d364246 |
||